000 00768nam a2200265Ia 4500
003 OSt
005 20221006153412.0
006 a|||||r|||| 00| 0
007 ta
008 221006b |||||||| |||| 00| 0 eng d
020 _a9780804836272
024 _a32,232
037 _bGift, Prof. Sonoko Hijikata
_cTextual
040 _aEASL
_cEASL
_beng
041 _2eng
_aeng
082 _aV42.N60, P5
100 _aHILLSBOROUGH Romulus
_9663731
245 0 _aShinsengumi
_b The Shogun's last Samurai corps
260 _aTokyo
_bTuttle Publishing
_c2005
300 _a230p.
_ccm.
490 _v JEL
650 _aBushido
_9647289
942 _hV42.N60, P5
_cTEXL
_2CC
999 _c1100318
_d1100318